00924nam a2200169Ia 450000500170000000800410001702000180005808200160007610000200009224500410011226000460015330000130019950004260021294200060063895200950064499900150073920240809022946.0240331s9999 xx 000 0 und d a9789559072133 bDESa384,55 aDe Silva, Kumar 4aThe Bonsoir Diaries cKumar de Silva a Sri LankabSamaranayake publishersc2013 a282 p ., a" The Bonsoir Diaries" is a graphical record of the glorious years of this highly watched television show. one will also realise that the author seamlessly goes beyond his original mandate and parallely makes this an unconscious record of franco-Sri Lankan ties, bilateral, diplomatic and otherwise, spread over nearly three and a half centuries, going back to 1672, all of which are skillfully woven into the narrative. cL 001040708LaWERCLbWERCLcSSCd2024-03-31l0o 823 DESp6786r2024-03-31w2024-03-31yL c5799d5799